000 00196 a2200097 4500
001 2645
100 _aPhilby, H.
245 _aArabian jubilee
260 _a
_bRobert Hale
_c
090 _c1941
_d1941
942 _aNUST-CAE
_cM
_c10458
999 _c237718
_d237718